Моделирование процесса испарения несимметричного диметилгидразина в атмосфере Земли; Известия Томского политехнического университета [Известия ТПУ]; Т. 313, № 4: Энергетика

Dettagli Bibliografici
Parent link:Известия Томского политехнического университета [Известия ТПУ]/ Томский политехнический университет (ТПУ).— , 2000-
Т. 313, № 4: Энергетика.— 2008.— [С. 23-25]
Autore principale: Долотов А. Е. Александр Евгеньевич
Altri autori: Кузнецов Г. В. Гений Владимирович, Немова Т. Н.
Riassunto:Заглавие с титульного листа
Электронная версия печатной публикации
Смоделирован процесс испарения под действием конвекции и излучения от Солнца несимметричного диметилгидразина при движении его капель к поверхности Земли после разгерметизации топливных баков ракет-носителей на высотах до 40 км. Показано, что только капли с характерным размером до 16 мм могут достигать Земли.
Lingua:russo
Pubblicazione: 2008
Serie:Энергетика
Soggetti:
Accesso online:http://www.lib.tpu.ru/fulltext/v/Bulletin_TPU/2008/v313/i4/06.pdf
Natura: MixedMaterials Elettronico Capitolo di libro
KOHA link:https://koha.lib.tpu.ru/cgi-bin/koha/opac-detail.pl?biblionumber=173615

MARC

LEADER 00000nla2a2200000 4500
001 173615
005 20240117125348.0
035 |a (RuTPU)RU\TPU\book\188296 
035 |a RU\TPU\book\188291 
090 |a 173615 
100 |a 20091229d2008 k y0rusy50 ca 
101 0 |a rus 
102 |a RU 
135 |a drnn ---uucaa 
181 0 |a i  
182 0 |a b 
200 1 |a Моделирование процесса испарения несимметричного диметилгидразина в атмосфере Земли  |f А. Е. Долотов, Г. В. Кузнецов, Т. Н. Немова 
203 |a Текст  |c электронный 
215 |a 1 файл (289 Кб) 
225 1 |a Энергетика 
300 |a Заглавие с титульного листа 
300 |a Электронная версия печатной публикации 
320 |a [Библиогр.: с. 25 (7 назв.)] 
330 |a Смоделирован процесс испарения под действием конвекции и излучения от Солнца несимметричного диметилгидразина при движении его капель к поверхности Земли после разгерметизации топливных баков ракет-носителей на высотах до 40 км. Показано, что только капли с характерным размером до 16 мм могут достигать Земли. 
337 |a Adobe Reader 
461 1 |0 (RuTPU)RU\TPU\book\176237  |t Известия Томского политехнического университета [Известия ТПУ]  |f Томский политехнический университет (ТПУ)  |d 2000- 
463 1 |0 (RuTPU)RU\TPU\book\188285  |x 1684-8519  |t Т. 313, № 4: Энергетика  |v [С. 23-25]  |d 2008  |p 129 с. 
610 1 |a моделирование 
610 1 |a испарения 
610 1 |a диметилгидразин 
610 1 |a атмосфера 
610 1 |a Земля 
610 1 |a конвекция 
610 1 |a излучение 
610 1 |a Солнце 
610 1 |a капли 
610 1 |a поверхность 
610 1 |a разгерметизация 
610 1 |a топливные баки 
610 1 |a ракет-носители 
610 1 |a труды учёных ТПУ 
610 1 |a электронный ресурс 
700 1 |a Долотов  |b А. Е.  |c ассистент Томского политехнического университета  |c специалист в области инженерной графики и начертательной геометрии  |f 1985-  |g Александр Евгеньевич  |3 (RuTPU)RU\TPU\pers\25513 
701 1 |a Кузнецов  |b Г. В.  |c специалист в области теплоэнергетики  |c профессор Томского политехнического университета, доктор физико-математических наук  |f 1949-  |g Гений Владимирович  |3 (RuTPU)RU\TPU\pers\25528  |9 11458 
701 1 |a Немова  |b Т. Н. 
801 1 |a RU  |b 63413507  |c 20090623  |g PSBO 
801 2 |a RU  |b 63413507  |c 20211207  |g PSBO 
856 4 |u http://www.lib.tpu.ru/fulltext/v/Bulletin_TPU/2008/v313/i4/06.pdf 
942 |c CF